Sports Quiz

Random Sports or Football Quiz

100+ Receptions (Dallas Cowboys) Quiz Stats

 Plays Quiz Updated Jun 1, 2018

Challenge
Share
Tweet
Embed
Score 0/14 Timer 06:00
10 Plays Today
Receptions Player % Correct
531Dez Bryant
95.1%
1,152Jason Witten
93.3%
230Terrance Williams
71.8%
235Terrell Owens
67.6%
254Cole Beasley
62.4%
301Miles Austin
58.9%
127Felix Jones
52.6%
Receptions Player % Correct
141Keyshawn Johnson
44.1%
171DeMarco Murray
41.4%
208Terry Glenn
36.4%
174Marion Barber
33.4%
151Joey Galloway
22.5%
196Patrick Crayton
15.3%
158Rocket Ismail
10%

You're not logged in!

Compare scores with friends on all Sporcle quizzes.
Join for Free
OR
Log In

You Might Also Like...

Show Comments

Extras

Top Quizzes Today


Score Distribution

Your Account Isn't Verified!

In order to create a playlist on Sporcle, you need to verify the email address you used during registration. Go to your Sporcle Settings to finish the process.

Report this User

Report this user for behavior that violates our Community Guidelines.

Details: